000 00372cam a2200145ua 4500
041 _aeng
_h
082 _a823.308
_bDIC/AD
100 _aDickens, Charles.
245 _aAdventures of Oliver Twist /
_cCharles Dickens.
_hTextual Documents
260 _aLondon :
_bOxford University Press ,
_c1960.
300 _a127 ; .
504 _a
942 _cBK
999 _c5077
_d5077